000
00275nam a2200109Ia 4500
008
200302s9999 xx 000 0 und d
100
_a
Owen Hopkins
245
_a
Architectural Styles A visual guide
260
_b
Laurence King Publishing Ltd.,
260
_c
2014
300
_a
240
999
_c
6263
_d
6263